PHARMACEUTICS- I (Record no. 5969)

MARC details
000 -LEADER
fixed length control field 00427nam a22001577a 4500
005 - DATE AND TIME OF LATEST TRANSACTION
control field 20240110115233.0
008 - FIXED-LENGTH DATA ELEMENTS--GENERAL INFORMATION
fixed length control field 190910b xxu||||| |||| 00| 0 eng d
020 ## - INTERNATIONAL STANDARD BOOK NUMBER
ISBN 978-81-85790-14-5
041 ## - LANGUAGE CODE
Language code of text/sound track or separate title eng
100 ## - MAIN ENTRY--AUTHOR NAME
Personal name KASTURE, DR. P.V AND PARAKH, DR.S.R., HASAN, S.A., GOKHALE, S.B.
245 ## - TITLE STATEMENT
Title PHARMACEUTICS- I
250 ## - EDITION STATEMENT
Edition statement 23rd , ED, 2017
260 ## - PUBLICATION, DISTRIBUTION, ETC. (IMPRINT)
Place of publication PUNE
Name of publisher NIRALI PRAKASHAN
300 ## - PHYSICAL DESCRIPTION
Number of Pages I.5p;
942 ## - ADDED ENTRY ELEMENTS (KOHA)
Koha item type Books
Holdings
Lost status Damaged status Collection code Home library Current library Shelving location Date acquired Source of acquisition Cost, normal purchase price Accession Number Koha item type Full call number
    PHARMACY JRU Library JRU Library Shelf - 23- B 10/09/2019 PURCHESS 200.00 23449 Books  
    PHARMACY JRU Library JRU Library Shelf - 23- B 10/09/2019 PURCHESS 200.00 23450 Books  
    PHARMACY JRU Library JRU Library Shelf - 23- B 10/09/2019 PURCHESS 200.00 23451 Books 615.1
    Reference JRU Library JRU Library SHELF-4-C 10/09/2019 PURCHESS 200.00 23452 Books  
    PHARMACY JRU Library JRU Library Shelf - 23- B 10/09/2019 PURCHESS 200.00 23453 Books 615.1
    PHARMACY JRU Library JRU Library Shelf - 23- B 10/09/2019 PURCHESS 200.00 23454 Books 615.1
    PHARMACY JRU Library JRU Library Shelf - 23- B 10/09/2019 PURCHESS 200.00 23455 Books 615.1
    PHARMACY JRU Library JRU Library Shelf - 23- B 10/09/2019 PURCHESS 200.00 23456 Books 615.1